[Event "DSM WK M 2015"]
[Site "Karlsruhe GER"]
[Date "2015.05.08"]
[Round "3"]
[White "Lübbert, Charline"]
[Black "Bohdjalian, Roxanne"]
[Result "1-0"]
[Termination "normal"]
[Board "6.2"]
[WhiteElo "1228"]
[BlackElo "1117"]
[WhiteTeam "Gymnasium Gadebusch"]
[BlackTeam "Warndt-Gymnasium Völklingen"]
[PlyCount "55"]
[WhiteFideId "12983381"]
[BlackFideId "12937789"]
[EventCountry "GER"]
[EventRounds "7"]
[EventType "team-swiss"]
[EventDate "2015.05.07"]

1. e4 e6 2. Nf3 d5 3. exd5 Qxd5 4. Nc3 Qc6 5. Bb5 Bd7 6. Bxc6 Nxc6 7. d4 Nf6 8.
Ne5 Nxe5 9. dxe5 Nd5 10. Nxd5 exd5 11. Bg5 f6 12. exf6 O-O-O 13. f7 Be6 14.
Bxd8 Kxd8 15. Qf3 c6 16. c4 a6 17. Rd1 Ke7 18. cxd5 Bxd5 19. Qe3+ Kxf7 20. O-O
Bd6 21. Rfe1 Rf8 22. Rxd5 Kg8 23. Rxd6 a5 24. Re6 h6 25. Qg3 c5 26. Qg6 b6 27.
Re8 Rxe8 28. Rxe8# 1-0

[Event "DSM WK M 2015"]
[Site "Karlsruhe GER"]
[Date "2015.05.08"]
[Round "3"]
[White "Bohdjalian, Johanna"]
[Black "Albrecht, Marie"]
[Result "0-1"]
[Termination "normal"]
[Board "6.3"]
[WhiteElo "800"]
[BlackElo "991"]
[WhiteTeam "Warndt-Gymnasium Völklingen"]
[BlackTeam "Gymnasium Gadebusch"]
[PlyCount "68"]
[BlackFideId "12983390"]
[EventCountry "GER"]
[EventRounds "7"]
[EventType "team-swiss"]
[EventDate "2015.05.07"]

1. e4 e5 2. Nc3 Nf6 3. Nf3 Nc6 4. Bc4 Bb4 5. a3 Bxc3 6. dxc3 Nxe4 7. O-O Qf6 8.
Re1 Nd6 9. Bg5 Qf5 10. h3 e4 11. Nd4 Qxg5 12. Nxc6 dxc6 13. b4 Bxh3 14. Kf1
Qxg2+ 15. Ke2 Bg4+ 16. Kd2 Bxd1 17. Raxd1 Nxc4+ 18. Kc1 Qxf2 19. Rxe4+ Kf8 20.
Rxc4 g6 21. Kb2 Kg7 22. Re4 Rhe8 23. Red4 Re2 24. R4d3 Rxc2+ 25. Kb3 Rb2+ 26.
Ka4 Qc2+ 27. Ka5 Ra2 28. b5 Rxa3+ 29. Kb4 Qa4+ 30. Kc5 Qe4 31. Rd4 Qe3 32. R1d3
Rxc3+ 33. Kb4 Rxd3 34. Kc4 Qxd4# 0-1

[Event "DSM WK M 2015"]
[Site "Karlsruhe GER"]
[Date "2015.05.08"]
[Round "3"]
[White "Groß, Sarah"]
[Black "Pitschmann, Lea"]
[Result "0-1"]
[Termination "normal"]
[Board "6.4"]
[WhiteElo "800"]
[BlackElo "800"]
[WhiteTeam "Gymnasium Gadebusch"]
[BlackTeam "Warndt-Gymnasium Völklingen"]
[PlyCount "74"]
[EventCountry "GER"]
[EventRounds "7"]
[EventType "team-swiss"]
[EventDate "2015.05.07"]

1. e4 Nc6 2. Nf3 e5 3. Nc3 Bc5 4. Bb5 Nf6 5. Bxc6 dxc6 6. d3 Bg4 7. h3 Bxf3 8.
Qxf3 O-O 9. a4 Bb4 10. O-O Bxc3 11. bxc3 c5 12. Be3 b6 13. Bg5 h6 14. Bh4 a6
15. Bg3 b5 16. Bxe5 c4 17. Rab1 cxd3 18. cxd3 Rb8 19. axb5 axb5 20. Qe3 Re8 21.
Rb2 Rxe5 22. Qf4 Qe7 23. d4 Rg5 24. c4 bxc4 25. Rxb8+ Ne8 26. Rc1 Qe6 27. d5
Qe5 28. Qe3 Kh7 29. Rxc4 Nf6 30. f4 Qa1+ 31. Kh2 Rh5 32. e5 Nxd5 33. Qe4+ g6
34. Rf8 Kg7 35. Re8 Nc3 36. Qc6 Ne2 37. Qxc7 Qg1# 0-1

[Event "DSM WK M 2015"]
[Site "Karlsruhe GER"]
[Date "2015.05.08"]
[Round "3"]
[White "Kublanov, Carolin"]
[Black "Shevchenko, Alyona"]
[Result "1-0"]
[Termination "normal"]
[Board "7.1"]
[WhiteElo "1408"]
[BlackElo "941"]
[WhiteTeam "Humboldt-Gymnasium Düsseldorf"]
[BlackTeam "Goethe-Gymnasium Karlsruhe"]
[PlyCount "79"]
[WhiteFideId "12944548"]
[BlackFideId "12983420"]
[EventCountry "GER"]
[EventRounds "7"]
[EventType "team-swiss"]
[EventDate "2015.05.07"]

1. d4 e5 2. dxe5 f6 3. exf6 Nxf6 4. Bg5 Bc5 5. e3 Nc6 6. Bxf6 Qxf6 7. Qh5+ g6
8. Qxc5 Qxb2 9. Qc3 Qxc3+ 10. Nxc3 b6 11. Nd5 Kd8 12. Nf3 Bb7 13. Ng5 Rf8 14.
Nxh7 Rf5 15. e4 Re5 16. f3 Nd4 17. O-O-O Bxd5 18. exd5 Rxd5 19. c3 Rc5 20. Rxd4
Rxc3+ 21. Kb2 Rc5 22. Re4 d5 23. Rf4 d4 24. Rf8+ Ke7 25. Rxa8 Rh5 26. Rxa7 Kd7
27. Nf6+ Kd6 28. Nxh5 gxh5 29. f4 c5 30. Rh7 d3 31. Bxd3 Kd5 32. Rxh5+ Kd4 33.
Bb5 c4 34. Rd1+ Ke4 35. Rh3 Kxf4 36. Re1 Kf5 37. Rf3+ Kg4 38. Re8 Kg5 39. Rg8+
Kh4 40. Rh3# 1-0

[Event "DSM WK M 2015"]
[Site "Karlsruhe GER"]
[Date "2015.05.08"]
[Round "3"]
[White "Platonova, Elisaveta"]
[Black "Kublanov, Elizabeth"]
[Result "0-1"]
[Termination "normal"]
[Board "7.2"]
[WhiteElo "911"]
[BlackElo "1523"]
[WhiteTeam "Goethe-Gymnasium Karlsruhe"]
[BlackTeam "Humboldt-Gymnasium Düsseldorf"]
[PlyCount "78"]
[WhiteFideId "16200349"]
[BlackFideId "12944564"]
[EventCountry "GER"]
[EventRounds "7"]
[EventType "team-swiss"]
[EventDate "2015.05.07"]

1. e4 e5 2. Nf3 d6 3. Bc4 Be7 4. Nc3 Nc6 5. O-O Bg4 6. h3 Bh5 7. Be2 Nf6 8. d3
O-O 9. Be3 d5 10. d4 dxe4 11. Ng5 Bxe2 12. Qxe2 exd4 13. Bxd4 Nxd4 14. Qd2 Nf5
15. Qf4 Nd4 16. Rad1 c5 17. a3 Nd5 18. Nxd5 Ne2+ 19. Kh1 Nxf4 20. Nxf4 Qa5 21.
Nxe4 Qa4 22. Rfe1 Rae8 23. c3 f5 24. Ne6 fxe4 25. Nxf8 Rxf8 26. Kg1 Qc2 27. Rf1
Qxb2 28. c4 Qxa3 29. Ra1 Qd3 30. Rac1 e3 31. f3 e2 32. Rfe1 Bh4 33. Kh1 Bxe1
34. Rxe1 Qd1 35. Rxd1 exd1=Q+ 36. Kh2 Qd6+ 37. Kh1 Re8 38. Kg1 Qg3 39. Kf1 Re1#
0-1

[Event "DSM WK M 2015"]
[Site "Karlsruhe GER"]
[Date "2015.05.08"]
[Round "3"]
[White "Berelowitsch, Dana"]
[Black "Ketterer, Beatrice"]
[Result "1-0"]
[Termination "normal"]
[Board "7.3"]
[WhiteElo "1473"]
[BlackElo "861"]
[WhiteTeam "Humboldt-Gymnasium Düsseldorf"]
[BlackTeam "Goethe-Gymnasium Karlsruhe"]
[PlyCount "95"]
[WhiteFideId "12977144"]
[BlackFideId "12983411"]
[EventCountry "GER"]
[EventRounds "7"]
[EventType "team-swiss"]
[EventDate "2015.05.07"]

1. e4 e5 2. Nf3 Nc6 3. Bb5 d5 4. Nxe5 Bd7 5. Nxd7 Qxd7 6. exd5 Qxd5 7. Qe2+ Be7
8. O-O Nf6 9. Nc3 Qd6 10. d3 O-O 11. Bg5 Qc5 12. Bxc6 Qxc6 13. Qxe7 Ng4 14. Qe4
Qd7 15. h3 Rae8 16. Qd5 Qxd5 17. Nxd5 Ne5 18. Rfe1 c6 19. Nc3 b5 20. Bf4 Ng6
21. Bd6 Rxe1+ 22. Rxe1 Rd8 23. Bb4 h6 24. Kf1 Rd4 25. Bc5 Rd8 26. Bxa7 b4 27.
Ne4 Rc8 28. Bc5 Rd8 29. Bxb4 Rb8 30. Bc3 Ra8 31. a3 Ne5 32. Bxe5 c5 33. Nxc5
Rc8 34. d4 f6 35. Bg3 Rd8 36. c3 Rb8 37. Bxb8 Kf7 38. a4 f5 39. a5 f4 40. a6 f3
41. gxf3 g5 42. a7 g4 43. fxg4 h5 44. gxh5 Kg7 45. a8=Q Kh6 46. Qc6+ Kh7 47.
Re7+ Kh8 48. Qc8# 1-0

[Event "DSM WK M 2015"]
[Site "Karlsruhe GER"]
[Date "2015.05.08"]
[Round "3"]
[White "Kiefhaber, Marlene"]
[Black "Zhuk, Margarita"]
[Result "0-1"]
[Termination "normal"]
[Board "7.4"]
[WhiteElo "839"]
[BlackElo "800"]
[WhiteTeam "Goethe-Gymnasium Karlsruhe"]
[BlackTeam "Humboldt-Gymnasium Düsseldorf"]
[PlyCount "60"]
[EventCountry "GER"]
[EventRounds "7"]
[EventType "team-swiss"]
[EventDate "2015.05.07"]

1. e4 e5 2. Nf3 Nf6 3. Bc4 Nc6 4. O-O Nxe4 5. d3 Nc5 6. Bb5 Nd4 7. Nxd4 exd4 8.
Qe2+ Be7 9. Qg4 Ne6 10. Bc4 d5 11. Bb5+ c6 12. Ba4 Nc5 13. b3 Bxg4 14. c3 b5
15. Bxb5 cxb5 16. c4 dxc4 17. bxc4 Nxd3 18. cxb5 Qb6 19. Na3 Nxc1 20. Raxc1
Bxa3 21. Rcd1 Bxd1 22. Rxd1 Rc8 23. Re1+ Qe6 24. Rxe6+ fxe6 25. h3 Rc1+ 26. Kh2
Bd6+ 27. g3 Rf8 28. h4 h5 29. Kh3 Rxf2 30. b6 Rh1# 0-1

[Event "DSM WK M 2015"]
[Site "Karlsruhe GER"]
[Date "2015.05.08"]
[Round "3"]
[White "Bykov, Ilona"]
[Black "Hiller, Samira"]
[Result "1-0"]
[Termination "normal"]
[Board "8.1"]
[WhiteElo "1363"]
[BlackElo "959"]
[WhiteTeam "Kant-Gymnasium Karlsruhe"]
[BlackTeam "Martin-Andersen-Nexö-Gymnasium Dresden"]
[PlyCount "93"]
[WhiteFideId "12964433"]
[EventCountry "GER"]
[EventRounds "7"]
[EventType "team-swiss"]
[EventDate "2015.05.07"]

1. e4 e5 2. Nf3 Nc6 3. Bb5 Bd6 4. c3 a6 5. Ba4 Nf6 6. d3 b5 7. Bb3 Bb7 8. O-O
O-O 9. Re1 Bc5 10. Be3 Bxe3 11. fxe3 d6 12. Nbd2 Ne7 13. Bc2 d5 14. exd5 Bxd5
15. e4 Be6 16. d4 exd4 17. cxd4 c6 18. Nb3 Qb6 19. Nc5 Bg4 20. Qd3 Bxf3 21.
Qxf3 Rfd8 22. Qd3 Qc7 23. e5 Ned5 24. exf6 Nxf6 25. Ne4 Ng4 26. Qh3 Nh6 27.
Rad1 Qb6 28. Qd3 c5 29. Nxc5 g6 30. Ne4 Rd5 31. Bb3 Rd7 32. Rf1 Kg7 33. Nf6 Rd6
34. Ne4 Rd7 35. Nf6 Rd6 36. Nd5 Qb7 37. Nf4 Qb6 38. Qe4 Rad8 39. Qe5+ Kg8 40.
Ne2 Ng4 41. Bxf7+ Kf8 42. Be6+ Ke7 43. Bxg4+ Re6 44. Qg7+ Kd6 45. Bxe6 Kxe6 46.
Qf7+ Kd6 47. Rf6# 1-0

[Event "DSM WK M 2015"]
[Site "Karlsruhe GER"]
[Date "2015.05.08"]
[Round "3"]
[White "Gramova, Tania"]
[Black "Ignatova, Nadja"]
[Result "0-1"]
[Termination "normal"]
[Board "8.2"]
[WhiteElo "822"]
[BlackElo "1180"]
[WhiteTeam "Martin-Andersen-Nexö-Gymnasium Dresden"]
[BlackTeam "Kant-Gymnasium Karlsruhe"]
[PlyCount "126"]
[EventCountry "GER"]
[EventRounds "7"]
[EventType "team-swiss"]
[EventDate "2015.05.07"]

1. e4 e5 2. Nf3 Nc6 3. Bc4 Bc5 4. Nc3 Nf6 5. d3 O-O 6. Bg5 d6 7. h3 Be6 8. Bxe6
fxe6 9. Bxf6 Qxf6 10. O-O Nd4 11. Na4 Nxf3+ 12. Qxf3 Qg5 13. Qg4 Qd2 14. Qxe6+
Kh8 15. Nxc5 dxc5 16. Qc4 b6 17. Rad1 Qg5 18. c3 Rf6 19. d4 Rg6 20. g3 exd4 21.
cxd4 Rh6 22. h4 Rxh4 23. Rd3 Rxe4 24. Re3 Rxd4 25. Qf7 Rdd8 26. Rfe1 h6 27. Qf4
Qg6 28. Qxc7 Rf8 29. f3 Rad8 30. f4 Rd2 31. R1e2 Rxe2 32. Rxe2 Qxg3+ 33. Rg2
Qe1+ 34. Kh2 Rg8 35. Qxa7 Qh4+ 36. Kg1 Qxf4 37. Qxb6 Re8 38. Rf2 Re1+ 39. Kg2
Qg4+ 40. Kh2 Qg1+ 41. Kh3 Qxf2 42. Qd8+ Kh7 43. Qd3+ Kg8 44. Qd8+ Qf8 45. Qd5+
Kh8 46. Qg2 Qf5+ 47. Kh2 Qh5+ 48. Qh3 Qxh3+ 49. Kxh3 Re2 50. a4 Rxb2 51. a5 Ra2
52. Kg3 Rxa5 53. Kf3 c4 54. Ke3 Rd5 55. Ke4 Rd8 56. Ke5 c3 57. Ke6 c2 58. Ke7
Rd1 59. Ke6 c1=Q 60. Ke5 Qe3+ 61. Kf5 Rf1+ 62. Kg4 Qg5+ 63. Kh3 Rh1# 0-1

[Event "DSM WK M 2015"]
[Site "Karlsruhe GER"]
[Date "2015.05.08"]
[Round "3"]
[White "Vu, Minh Anh"]
[Black "Weber, Alexandra"]
[Result "0-1"]
[Termination "normal"]
[Board "8.3"]
[WhiteElo "800"]
[BlackElo "843"]
[WhiteTeam "Kant-Gymnasium Karlsruhe"]
[BlackTeam "Martin-Andersen-Nexö-Gymnasium Dresden"]
[PlyCount "50"]
[WhiteFideId "16235304"]
[EventCountry "GER"]
[EventRounds "7"]
[EventType "team-swiss"]
[EventDate "2015.05.07"]

1. e4 e5 2. Nf3 Nc6 3. Nc3 Nf6 4. Bc4 Bc5 5. d3 d6 6. O-O Bg4 7. Bg5 Nd4 8.
Bb5+ c6 9. Bc4 b5 10. Bxf7+ Kxf7 11. Qe1 Bxf3 12. Qd2 b4 13. Na4 Ne2+ 14. Kh1
Qd7 15. gxf3 Nd4 16. c3 Nxf3 17. Qe2 Qh3 18. Qxf3 Qxf3+ 19. Kg1 Qg4+ 20. Kh1
Qxg5 21. Rg1 Qf4 22. Rg2 Qf3 23. Rag1 Ng4 24. h3 Qxh3+ 25. Rh2 Nxf2# 0-1

[Event "DSM WK M 2015"]
[Site "Karlsruhe GER"]
[Date "2015.05.08"]
[Round "3"]
[White "Hutschenreiter, Pia"]
[Black "Grining, Maria"]
[Result "0-1"]
[Termination "normal"]
[Board "8.4"]
[WhiteElo "800"]
[BlackElo "800"]
[WhiteTeam "Martin-Andersen-Nexö-Gymnasium Dresden"]
[BlackTeam "Kant-Gymnasium Karlsruhe"]
[PlyCount "152"]
[BlackFideId "16235037"]
[EventCountry "GER"]
[EventRounds "7"]
[EventType "team-swiss"]
[EventDate "2015.05.07"]

1. e4 e5 2. Nf3 Nc6 3. Nc3 Nf6 4. Bc4 h6 5. O-O Bc5 6. Bb5 d6 7. a3 a6 8. Ba4
b5 9. Bb3 Nd4 10. Ne1 Be6 11. Ne2 Bc4 12. d3 Nxe2+ 13. Qxe2 Be6 14. a4 Bg4 15.
Qd2 bxa4 16. Bxa4+ Kf8 17. b4 Bd4 18. c3 Bb6 19. c4 a5 20. c5 Ba7 21. Ba3 axb4
22. Bxb4 Rb8 23. cxd6 cxd6 24. d4 Bxd4 25. Rb1 Nxe4 26. Bxd6+ Nxd6 27. Rb3 Ra8
28. Bc6 Rb8 29. Qc2 Bf5 30. Qa2 Be6 31. Ba4 Bc4 32. Nd3 Bxb3 33. Bxb3 Rb7 34.
Qa3 g5 35. Bc4 Ke8 36. Bb3 f6 37. Ba4+ Nb5 38. Qa2 Qd7 39. Qc4 Kd8 40. Bb3 Qc8
41. Qd5+ Qd7 42. Qc4 Re8 43. Rc1 Na3 44. Qa6 Qb5 45. Qxb5 Rxb5 46. Ba4 Rb2 47.
Bxe8 Rb6 48. Rc6 Rb3 49. Ne1 Rb1 50. Kf1 Kxe8 51. Re6+ Kf7 52. Ra6 Nc4 53. Ra7+
Bxa7 54. Ke2 Rb2+ 55. Kd3 Nd6 56. Kc3 Rb8 57. Kd3 Rb3+ 58. Kc2 Rb5 59. Kd3 f5
60. g3 Ne4 61. f4 exf4 62. gxf4 gxf4 63. h4 f3 64. Nxf3 Rb3+ 65. Kc2 Rxf3 66.
Kb2 Bd4+ 67. Kc2 f4 68. Kd1 Kf6 69. Ke2 Ra3 70. Kd1 Kf5 71. Kc2 Kg4 72. Kb1
Kxh4 73. Kc2 h5 74. Kd1 Kg3 75. Ke2 f3+ 76. Kf1 Ra1# 0-1

[Event "DSM WK M 2015"]
[Site "Karlsruhe GER"]
[Date "2015.05.08"]
[Round "3"]
[White "Brokinkel, Lilli"]
[Black "Marquard, Chantal"]
[Result "1-0"]
[Termination "normal"]
[Board "9.1"]
[WhiteElo "800"]
[BlackElo "800"]
[WhiteTeam "Oberschule Am Barkhof Bremen"]
[BlackTeam "Oberschule Adolph Diesterweg Hennigsdorf"]
[PlyCount "75"]
[EventCountry "GER"]
[EventRounds "7"]
[EventType "team-swiss"]
[EventDate "2015.05.07"]

1. e4 e5 2. Nf3 Nc6 3. Nc3 Nf6 4. Bb5 a6 5. Bc4 d6 6. d3 Be6 7. Bg5 h6 8. Bxf6
gxf6 9. O-O d5 10. exd5 Bg4 11. dxc6 bxc6 12. g3 h5 13. d4 exd4 14. Qxd4 Qc8
15. Ne1 c5 16. Qxf6 Rh7 17. Nd3 Bg7 18. Qxf7+ Kd8 19. Qg8+ Kd7 20. Qxh7 Qf8 21.
Ne5+ Ke7 22. Nxg4 hxg4 23. Nd5+ Kd8 24. Rfe1 Rb8 25. Qh4+ Kd7 26. Qxg4+ Kc6 27.
Re7 Bf6 28. Re6+ Kb7 29. Rxf6 Qe8 30. Bxa6+ Ka7 31. Nxc7 Qd8 32. Nb5+ Ka8 33.
Qe4+ Rb7 34. Bxb7+ Kb8 35. Rd6 Qf8 36. Rad1 c4 37. Rd8+ Qxd8 38. Rxd8# 1-0

[Event "DSM WK M 2015"]
[Site "Karlsruhe GER"]
[Date "2015.05.08"]
[Round "3"]
[White "Nemitz, Rebekka"]
[Black "Bachmann, Paula"]
[Result "1-0"]
[Termination "normal"]
[Board "9.2"]
[WhiteElo "825"]
[BlackElo "800"]
[WhiteTeam "Oberschule Adolph Diesterweg Hennigsdorf"]
[BlackTeam "Oberschule Am Barkhof Bremen"]
[PlyCount "37"]
[EventCountry "GER"]
[EventRounds "7"]
[EventType "team-swiss"]
[EventDate "2015.05.07"]

1. e4 e5 2. Bc4 Nf6 3. Nf3 c6 4. Ng5 d5 5. exd5 cxd5 6. Bb5+ Bd7 7. Nc3 h6 8.
Nf3 a6 9. Nxe5 Bxb5 10. Nxb5 axb5 11. O-O Bd6 12. Re1 g5 13. b3 b4 14. Bb2 Ne4
15. Ng4 O-O 16. Nxh6+ Kh7 17. Nf5 Bc5 18. Qh5+ Kg8 19. Qh8# 1-0

[Event "DSM WK M 2015"]
[Site "Karlsruhe GER"]
[Date "2015.05.08"]
[Round "3"]
[White "Hobrecht, Marei"]
[Black "Fischer, Trixy"]
[Result "0-1"]
[Termination "normal"]
[Board "9.3"]
[WhiteElo "800"]
[BlackElo "800"]
[WhiteTeam "Oberschule Am Barkhof Bremen"]
[BlackTeam "Oberschule Adolph Diesterweg Hennigsdorf"]
[PlyCount "200"]
[BlackFideId "16217462"]
[EventCountry "GER"]
[EventRounds "7"]
[EventType "team-swiss"]
[EventDate "2015.05.07"]

1. e4 e5 2. Nf3 Nc6 3. Bc4 h6 4. O-O Nf6 5. Re1 d5 6. exd5 Nxd5 7. Bb3 Bc5 8.
Nc3 Nf4 9. Ne2 O-O 10. c3 Bd6 11. g3 Nh3+ 12. Kg2 e4 13. Nh4 Ne5 14. f4 Nf3 15.
Rf1 Nxh4+ 16. gxh4 Qxh4 17. f5 Ng5 18. Rf4 Qh3+ 19. Kf2 Bc5+ 20. d4 Bb6 21. Qd2
Re8 22. Qc2 e3+ 23. Ke1 Qxh2 24. Ba4 Re7 25. Qd3 g6 26. Bxe3 Qh3 27. Kd2 gxf5
28. Rf2 f4 29. Bxf4 Bf5 30. Qxh3 Nxh3 31. Rf3 c5 32. Re3 Rc7 33. Be8 Rcc8 34.
Rg3+ Kf8 35. Ba4 Nf2 36. Rf1 Ne4+ 37. Ke3 h5 38. Rg5 Bh7 39. Re5 Nf6 40. Bh6+
Kg8 41. Rg1+ Ng4+ 42. Kf4 f6 43. Rxh5 f5 44. d5 Bc7+ 45. Kg5 Bd8+ 46. Kf4 Rc7
47. Rh3 Re7 48. Re1 Re4+ 49. Kf3 Ne5+ 50. Kf2 Bb6 51. Rg1+ Kf7 52. Rg7+ Kf6 53.
Rxh7 c4+ 54. Kg2 Rxe2+ 55. Kg3 Rg8+ 56. Kh4 Bf2+ 57. Kh5 Rg4 58. Rg7 Ree4 59.
d6 Ref4 60. Bxf4 Rxf4 61. d7 Bb6 62. b4 Kxg7 63. Rg3+ Kf6 64. Rg2 Bd8 65. b5
Nxd7 66. b6 Nxb6 67. Rg6+ Ke5 68. Rg8 Rh4+ 69. Kg6 Be7 70. Re8 Nxa4 71. Rxe7+
Kf4 72. Rxb7 Nxc3 73. a3 Ne4 74. a4 c3 75. Rb1 c2 76. Rc1 Rh2 77. a5 Nc3 78.
Ra1 Nb1 79. Ra4+ Kf3 80. Rc4 Na3 81. Rc7 Nb5 82. Rc5 Nd4 83. Kf7 Rh7+ 84. Ke8
f4 85. Kd8 Ke3 86. Rc7 Rh8+ 87. Kd7 f3 88. a6 f2 89. Rc8 f1=Q 90. Rxh8 Qxa6 91.
Rh3+ Ke4 92. Rh4+ Ke5 93. Rh5+ Nf5 94. Rh1 Qd6+ 95. Kc8 Ne7+ 96. Kb7 Qc6+ 97.
Kxa7 Nc8+ 98. Kb8 Nb6 99. Re1+ Kd6 100. Re2 Qc7# 0-1

[Event "DSM WK M 2015"]
[Site "Karlsruhe GER"]
[Date "2015.05.08"]
[Round "3"]
[White "Uhn, Jeannine"]
[Black "Issifou, Yusra"]
[Result "0-1"]
[Termination "normal"]
[Board "9.4"]
[WhiteElo "800"]
[BlackElo "800"]
[WhiteTeam "Oberschule Adolph Diesterweg Hennigsdorf"]
[BlackTeam "Oberschule Am Barkhof Bremen"]
[PlyCount "120"]
[EventCountry "GER"]
[EventRounds "7"]
[EventType "team-swiss"]
[EventDate "2015.05.07"]

1. e4 e5 2. Nf3 Nf6 3. Nxe5 Nxe4 4. Bd3 Nd6 5. O-O Be7 6. Qf3 Bf6 7. Ng4 Bd4 8.
Re1+ Kf8 9. c3 Bc5 10. Ne5 f6 11. Nf7 Kxf7 12. Qd5+ Kf8 13. Qxc5 h6 14. Bg6 Nc6
15. Qd5 Qe7 16. Rxe7 Kxe7 17. d4 a6 18. Bf4 Nb5 19. Qe4+ Kd8 20. Qe8+ Rxe8 21.
Nd2 Re2 22. Kf1 Re6 23. Nc4 Ke7 24. Ne3 d6 25. d5 Ncd4 26. dxe6 Nxe6 27. Bg3
Ng5 28. Nd5+ Ke6 29. Rd1 c6 30. Re1+ Kxd5 31. Rd1+ Kc5 32. b4+ Kb6 33. Bxd6 Ka7
34. Bc5+ Kb8 35. a4 Nxc3 36. Rd8 Nxa4 37. Bd6+ Ka7 38. Bc2 Nb6 39. Bc7 Ne6 40.
Rd6 Nxc7 41. g4 Bxg4 42. b5 axb5 43. Rd3 c5 44. Ra3+ Kb8 45. Rb3 c4 46. Re3
Ncd5 47. Re4 f5 48. Re8+ Ka7 49. Re6 f4 50. Be4 Bxe6 51. h3 Bxh3+ 52. Ke2 Re8
53. f3 Bg2 54. Kf2 Bh3 55. Bxd5 Nxd5 56. Kg1 c3 57. Kh2 Bf5 58. Kg2 c2 59. Kf2
c1=Q 60. Kg2 Re2# 0-1

[Event "DSM WK M 2015"]
[Site "Karlsruhe GER"]
[Date "2015.05.09"]
[Round "5"]
[White "Leinemann, Vivien Sophie"]
[Black "Krein, Jana"]
[Result "1/2-1/2"]
[Termination "normal"]
[Board "1.1"]
[WhiteElo "1425"]
[BlackElo "1576"]
[WhiteTeam "Charlotte-Paulsen-Gymnasium Hamburg"]
[BlackTeam "Auguste-Viktoria-Gymnasium Trier"]
[PlyCount "80"]
[WhiteFideId "16208536"]
[BlackFideId "12937762"]
[EventCountry "GER"]
[EventRounds "7"]
[EventType "team-swiss"]
[EventDate "2015.05.07"]

1. e4 e5 2. Nf3 Nc6 3. Bb5 Bc5 4. O-O d6 5. c3 Nge7 6. d4 exd4 7. cxd4 Bb6 8.
d5 a6 9. Ba4 O-O 10. dxc6 bxc6 11. Nc3 Bb7 12. Re1 Ng6 13. Be3 Ba5 14. Qd3 Qf6
15. Qd4 Qe7 16. b4 Bb6 17. Qd3 c5 18. Nd5 Qe6 19. Nxb6 cxb6 20. Bb3 Bxe4 21.
Bxe6 Bxd3 22. Bd5 Rab8 23. bxc5 dxc5 24. Red1 Bf5 25. Rd2 Ne7 26. Bb3 Nc6 27.
Rd6 Rfc8 28. Bf4 Rb7 29. Bd5 Rbc7 30. Bxc6 Rxc6 31. Rxc6 Rxc6 32. Rd1 Rc8 33.
Bc7 b5 34. Rd8+ Rxd8 35. Bxd8 Kf8 36. Ba5 Ke7 37. Kf1 Kd6 38. Ke2 f6 39. a3 Kd5
{(=)} 40. Nd2 Kd4 1/2-1/2

[Event "DSM WK M 2015"]
[Site "Karlsruhe GER"]
[Date "2015.05.09"]
[Round "5"]
[White "Bach, Kira"]
[Black "G., Diana"]
[Result "1-0"]
[Termination "normal"]
[Board "1.2"]
[WhiteElo "1536"]
[BlackElo "1162"]
[WhiteTeam "Auguste-Viktoria-Gymnasium Trier"]
[BlackTeam "Charlotte-Paulsen-Gymnasium Hamburg"]
[PlyCount "51"]
[WhiteFideId "12907677"]
[BlackFideId "12964700"]
[EventCountry "GER"]
[EventRounds "7"]
[EventType "team-swiss"]
[EventDate "2015.05.07"]

1. e4 e5 2. Nf3 Nc6 3. Bb5 a6 4. Ba4 b5 5. Bb3 Nf6 6. O-O Bc5 7. Nxe5 Bxf2+ 8.
Rxf2 Nxe5 9. d4 Nc4 10. Nd2 Bb7 11. Qe2 Qe7 12. e5 Nd5 13. Nxc4 bxc4 14. Bxc4
O-O-O 15. Bxa6 Bxa6 16. Qxa6+ Kb8 17. Qb5+ Nb6 18. a4 Kc8 19. a5 Na8 20. a6 d6
21. d5 dxe5 22. Qb7+ Kd7 23. Qc6+ Kc8 24. Qxa8+ Kd7 25. Qc6+ Kc8 26. a7 1-0

[Event "DSM WK M 2015"]
[Site "Karlsruhe GER"]
[Date "2015.05.09"]
[Round "5"]
[White "Syla, Albetina"]
[Black "Kim, Yu-Mi"]
[Result "1-0"]
[Termination "normal"]
[Board "1.3"]
[WhiteElo "1096"]
[BlackElo "1304"]
[WhiteTeam "Charlotte-Paulsen-Gymnasium Hamburg"]
[BlackTeam "Auguste-Viktoria-Gymnasium Trier"]
[PlyCount "51"]
[BlackFideId "12955361"]
[EventCountry "GER"]
[EventRounds "7"]
[EventType "team-swiss"]
[EventDate "2015.05.07"]

1. e4 e5 2. Nf3 Nc6 3. Bc4 Bc5 4. c3 Nf6 5. d4 exd4 6. e5 Qe7 7. O-O Ng8 8.
cxd4 Bb6 9. Nc3 h6 10. Nd5 Qd8 11. Bf4 Nge7 12. Nb4 Nxb4 13. Qd2 Nbd5 14. Rfe1
c6 15. Re2 Ba5 16. Qc1 Nxf4 17. Qxf4 O-O 18. Bd3 Qe8 19. Qe4 Ng6 20. Nh4 Kh7
21. g4 Qe6 22. f4 Qxg4+ 23. Rg2 Qxh4 24. Rxg6 fxg6 25. Qxg6+ Kh8 26. Qh7# 1-0

[Event "DSM WK M 2015"]
[Site "Karlsruhe GER"]
[Date "2015.05.09"]
[Round "5"]
[White "Kim, Yun-Mi"]
[Black "O'Reilly, Johanna"]
[Result "1/2-1/2"]
[Termination "normal"]
[Board "1.4"]
[WhiteElo "1064"]
[BlackElo "800"]
[WhiteTeam "Auguste-Viktoria-Gymnasium Trier"]
[BlackTeam "Charlotte-Paulsen-Gymnasium Hamburg"]
[PlyCount "103"]
[EventCountry "GER"]
[EventRounds "7"]
[EventType "team-swiss"]
[EventDate "2015.05.07"]

1. e4 e5 2. Nf3 Nc6 3. Bc4 Bc5 4. d3 Nf6 5. Bg5 d6 6. h3 O-O 7. O-O Be6 8. Bb3
Qd7 9. Bxe6 fxe6 10. Nc3 Nb4 11. a3 Nc6 12. Be3 Bb6 13. d4 exd4 14. Nxd4 Nxd4
15. Bxd4 Bxd4 16. Qxd4 e5 17. Qc4+ Kh8 18. Qb3 Rae8 19. Qxb7 d5 20. exd5 Nxd5
21. Nxd5 c6 22. Qxd7 Rb8 23. b3 a6 24. Qxc6 a5 25. Qe6 Rfe8 26. Qf5 e4 27. Rfe1
g6 28. Qg4 Rbc8 29. Rac1 Rc5 30. Ne3 Re7 31. f3 exf3 32. Qxf3 Ree5 33. Nc4 Rf5
34. Qa8+ Kg7 35. g4 Kh6 36. gxf5 Rxf5 37. Rf1 Rg5+ 38. Kh2 Kh5 39. Qf3+ Kh6 40.
Rce1 a4 41. Re7 axb3 42. cxb3 Rd5 43. Rg1 Rc5 44. Qe4 Kh5 45. Re5+ Rxe5 46.
Qxe5+ Kh6 47. Rf1 g5 48. Qf6+ Kh5 49. a4 h6 50. a5 Kh4 51. a6 h5 52. a7 {Patt}
1/2-1/2

[Event "DSM WK M 2015"]
[Site "Karlsruhe GER"]
[Date "2015.05.09"]
[Round "5"]
[White "Riegel, Arinna"]
[Black "Kail, Sindy"]
[Result "0-1"]
[Termination "normal"]
[Board "2.1"]
[WhiteElo "1640"]
[BlackElo "1528"]
[WhiteTeam "Deutschorden-Gymnasium Bad Mergentheim"]
[BlackTeam "Maria-Ward-Schule Aschaffenburg"]
[PlyCount "110"]
[WhiteFideId "12931446"]
[BlackFideId "12988502"]
[EventCountry "GER"]
[EventRounds "7"]
[EventType "team-swiss"]
[EventDate "2015.05.07"]

1. e4 c5 2. Nf3 d6 3. Bb5+ Bd7 4. Bxd7+ Qxd7 5. O-O Nf6 6. Re1 e6 7. c4 Nc6 8.
Nc3 g6 9. d3 Bg7 10. h3 O-O 11. Be3 Rac8 12. Qd2 Rfd8 13. Bh6 a6 14. Bxg7 Kxg7
15. b3 Qc7 16. d4 cxd4 17. Nxd4 b5 18. Rac1 bxc4 19. bxc4 Nxd4 20. Qxd4 Qxc4
21. Qd2 Qb4 22. Qe3 Rc7 23. e5 dxe5 24. Qxe5 Qd6 25. Qxd6 Rxd6 26. f3 Rdc6 27.
Ne2 Rc2 28. Kf1 Nd5 29. a3 Ra2 30. Rxc7 Nxc7 31. Rc1 Nb5 32. Nc3 Rxa3 33. Nxb5
axb5 34. Rb1 Ra5 35. Rb2 Kf6 36. Ke2 Ke5 37. Kd3 Kd5 38. Kc3 Kc5 39. Kb3 Ra4
40. Rd2 Rd4 41. Rc2+ Kd6 42. Ra2 h5 43. Ra6+ Ke5 44. Ra2 Kf4 45. Kc3 e5 46. Rb2
b4+ 47. Kb3 g5 48. Rc2 g4 49. fxg4 hxg4 50. Rf2+ Kg3 51. Rxf7 Kxg2 52. hxg4
Rxg4 53. Re7 Re4 54. Re6 Kf3 55. Rf6+ Kg4 0-1